| 000 | 00803nam a22002297a 4500 | ||
|---|---|---|---|
| 999 |
_c11228 _d11228 |
||
| 003 | AR-CdUCM | ||
| 008 | 190401b ||||| |||| 00| 0 spa d | ||
| 040 |
_aMUNICIPALIDAD PROVINCIAL DEL CUSCO _cBIBLIOTECA MUNICIPAL DEL CUSCO |
||
| 082 |
_a343 / _bSI55 / 1874 _23ed. |
||
| 100 |
_aSilva Santisteban, José _920605 |
||
| 245 | _aCurso de Derecho Constitucional / | ||
| 260 |
_aParis : _bA. bouret e hijo, _c1874. |
||
| 300 |
_a380 páginas ; _c22 cm. |
||
| 500 | _aDedicatoria | ||
| 505 | _aContenido: Ciudadanía -- soberanía -- sufragio -- constitución -- formas de gobierno -- Derechos individuales -- Poderes políticos ... | ||
| 650 |
_aDerecho _9739 |
||
| 650 |
_aConstitucional _926777 |
||
| 650 |
_aConstitución _92117 |
||
| 650 |
_aLeyes _94808 |
||
| 942 |
_2ddc _cLIBROS |
||
| 945 | _aacv | ||